00363 a2200109 4500001001000000005001700010008004100027245002100068100002600089773012100115999001700236ART_4286620260410161918.0260409a 10aSector portuario1 aSarro, Lucía Andrea0 tDocumentos de trabajo de contabilidad, auditoría y responsabilidad socialg- Año 5, Nº 10 (dic. 2015)wREV14385 c27477d27477